000 00733nam a22002177a 4500
999 _c5611
_d5611
001 5611
003 BD-JhCC
005 20180127175420.0
008 171018s19982000bg a|||| ||a| 001 0 ben d
035 _a(BD-JhCC)5611
040 _aBD-JhCC
_dBD-JhCC
041 _aben
082 _a581
_bUCC 1998
245 _aউচ্চ মাধ্যমিক জীববিজ্ঞান প্রথম পত্র উদ্ভিদবিজ্ঞান /
_cএনায়েত হোসেন...[et. all].
260 _aঢাকা
_c1998.
_bগাজী পাবলিশার্স,
300 _a464 p. :
_c24 cm.
650 _aBotany
700 _aহোসেন, এনায়েত
942 _2ddc
_cBK